Chemická analýza heteroštruktúr InGaN/GaN a AlGaN/GaN

Saved in:
Bibliographic Details
Main Author: Kozár, Štefan (Author)
Other Authors: Vincze, Andrej, 1975- (Thesis advisor), Uherek, František, 1954- (Thesis advisor)
Format: Manuscript Book
Language:Slovak
Published: Bratislava : STU v Bratislave FEI, 2009
Subjects:
Tags: Add Tag
No Tags, Be the first to tag this record!

MARC

LEADER 00000ntm a22000003a 4500
001 stu195450
005 20160719165109.4
008 091104s2009------------------------slo-d
040 |a STU  |b slo 
041 0 |a slo 
100 1 |a Kozár, Štefan  |4 aut 
245 1 |a Chemická analýza heteroštruktúr InGaN/GaN a AlGaN/GaN 
260 |a Bratislava :  |b STU v Bratislave FEI,  |c 2009 
300 |a 61 s 
650 7 |a elektronika  |2 stusub 
650 7 |a Mikroelektronika  |2 stusub 
650 7 |a heteroštruktúry  |2 stusub 
700 1 |a Vincze, Andrej,  |d 1975-  |4 ths  |u E030  |U FEI Fakulta elektrotechniky a informatiky  |T FEI Ústav elektroniky a fotoniky  |X 44262  |U E030  |Y 549  |7 A000044262 
700 1 |a Uherek, František,  |d 1954-  |4 ths  |u E030  |U FEI Fakulta elektrotechniky a informatiky  |T FEI Ústav elektroniky a fotoniky  |X 1937  |U E030  |Y 549  |7 A000001937